पांचाली : (Record no. 116842)

MARC details
000 -LEADER
fixed length control field 01042nam a22002777a 4500
003 - CONTROL NUMBER IDENTIFIER
control field 0
005 - DATE AND TIME OF LATEST TRANSACTION
control field 20180908142054.0
008 - FIXED-LENGTH DATA ELEMENTS--GENERAL INFORMATION
fixed length control field 0
010 ## - LIBRARY OF CONGRESS CONTROL NUMBER
LC control number B-056997
020 ## - INTERNATIONAL STANDARD BOOK NUMBER
Terms of availability 125.00
International Standard Book Number 8171242642
035 ## - SYSTEM CONTROL NUMBER
System control number B-056997 ,B-057021B-057001, B-057018
037 ## - SOURCE OF ACQUISITION
Source of stock number/acquisition Cen Lib/Ret
040 ## - CATALOGING SOURCE
Original cataloging agency DPL
Language of cataloging HN
Transcribing agency 0
082 ## - DEWEY DECIMAL CLASSIFICATION NUMBER
Classification number
Item number बच्चन
100 ## - MAIN ENTRY--PERSONAL NAME
Personal name बच्चन सिंह
9 (RLIN) 68586
245 ## - TITLE STATEMENT
Title पांचाली :
Statement of responsibility, etc बच्चन सिंह
Remainder of title नाथवती-अनाथवत /
246 ## - VARYING FORM OF TITLE
Title proper/short title Paanchali : nathwati-anathwat /
Remainder of title by Bachchan Singh
260 ## - PUBLICATION, DISTRIBUTION, ETC. (IMPRINT)
Place of publication, distribution, etc वाराणसी
Name of publisher, distributor, etc विश्वविद्यालय प्रकाशन
Date of publication, distribution, etc 2001
270 ## - ADDRESS
Address चौक
City वाराणसी
300 ## - PHYSICAL DESCRIPTION
Extent 136पृ.
Dimensions 20सेमी(सजिल्द)
650 ## - SUBJECT ADDED ENTRY--TOPICAL TERM
Topical term or geographic name as entry element हिन्दी साहित्य
9 (RLIN) 68587
650 ## - SUBJECT ADDED ENTRY--TOPICAL TERM
Topical term or geographic name as entry element हिन्दी -- उपन्यास
9 (RLIN) 68588
650 ## - SUBJECT ADDED ENTRY--TOPICAL TERM
Topical term or geographic name as entry element Hindi literature
9 (RLIN) 68589
650 ## - SUBJECT ADDED ENTRY--TOPICAL TERM
Topical term or geographic name as entry element Hindi -- novel
9 (RLIN) 68590
942 ## - ADDED ENTRY ELEMENTS (KOHA)
Source of classification or shelving scheme Dewey Decimal Classification
Koha item type Hindi Books
Classification part
Call number suffix बच्चन
Holdings
Withdrawn status Lost status Source of classification or shelving scheme Damaged status Not for loan Collection code Home library Current library Date acquired Source of acquisition Cost, normal purchase price Total Checkouts Full call number Barcode Date last seen Date checked out Copy number Cost, replacement price Price effective from Koha item type Public note Total Renewals Shelving location
Written off   Dewey Decimal Classification     Fiction Central Library Central Library 25/08/2015 Cen Lib/Ret 124.00 2 उ बच्चन B-056997 26/02/2018 16/02/2018 1 124.00 25/08/2015 Hindi Books Written off on approval by DLB (By Circulation); dtd 15-06-2023    
    Dewey Decimal Classification     Fiction Patel Nagar Patel Nagar 14/12/2018 BPPD/PUB 124.00   उ बच्चन B-056998 14/12/2018     124.00 14/12/2018 Hindi Books     General Stacks
    Dewey Decimal Classification     Fiction Shahdara Branch Shahdara Branch 08/09/2018 BPPD/PUB 124.00   उ बच्चन B-057018 08/09/2018     124.00 08/09/2018 Hindi Books      
    Dewey Decimal Classification     Fiction Tri Nagar Tri Nagar 25/08/2018 BPPD/PUB 124.00   उ बच्चन B-057021 25/08/2018     124.00 25/08/2018 Hindi Books      
    Dewey Decimal Classification     Fiction Tri Nagar Tri Nagar 04/09/2018 BPPD/PUB 124.00 2 उ बच्चन B-057001 31/10/2018 18/09/2018   124.00 04/09/2018 Hindi Books   3  

© Delhi Public Library
Hit Counter
free hit counter